| 000 | 02852cam a2200373 a 4500 | ||
|---|---|---|---|
| 001 | BD-DhSAU 4353 | ||
| 001 | 15411450 | ||
| 003 | BD-DhSAU | ||
| 005 | 20150217110057.0 | ||
| 008 | 170215s2009 enka ob 001 0 eng | ||
| 020 | _a9780199235926 | ||
| 020 | _a0199235929 | ||
| 040 | _aBD-DhSAU | ||
| 082 |
_a- _2- _b- |
||
| 245 | 0 | 0 |
_aKnowledge governance : _bprocesses and perspectives / _c[edited by] Nicolai J. Foss and Snejina Michailova. |
| 260 |
_aOxford ; _aNew York : _bOxford University Press, _c2009. |
||
| 300 |
_axii, 296 p. : _bill. ; _c25 cm. |
||
| 504 | _aIncludes bibliographical references and index. | ||
| 505 | 0 | _aKnowledge governance : themes and questions / Snejina Michailova and Nicolai J. Foss -- Governing knowledge creation : a problem-finding and problem-solving perspective / Bruce Heiman, Jackson Nickerson, and Todd Zenger -- The architecture of knowledge organization / Michael Christensen and Thorbjørn Knudsen -- Poliarchic governance and the growth of knowledge / Anna Grandori -- Managerial authority when knowledge is distributed : a knowledge governance perspective / Kirsten Foss and Nicolai J. Foss -- The governance of explorative knowledge production / Margit Osterloh and Antoinette Weibel -- Superordinate identity and knowledge creation and transfer in organizations / Linda Argote and Aimée A. Kane -- Socialization tactics as a governance mechanism in R&D collaborations / Kenneth Husted and Snejina Michailova -- Knowledge governance for open innovation : evidence from an EU R&D collaboration / Harry Scarbrough and Kenneth Amaeshi -- An exchange of ideas about knowledge governance : seeking first principles and microfoundations / Teppo Felin and J.C. Spender -- Knowledge governance : what have we learned? and where are we heading? / Nicolai Foss and Snejina Michailova. | |
| 590 | _aroy | ||
| 650 | 0 |
_aIntellectual capital _xManagement. |
|
| 650 | 0 | _aKnowledge workers. | |
| 650 | 0 | _aKnowledge management. | |
| 650 | 0 | _aOrganizational change. | |
| 650 | 0 | _aOrganization. | |
| 700 | 1 |
_aFoss, Nicolai J., _d1964- |
|
| 700 | 1 |
_aMichailova, Snejina, _d1965- |
|
| 856 | 4 | 1 | _uhttp://www.loc.gov/catdir/toc/ecip0825/2008035846.html |
| 856 | 4 | 1 | _uhttp://www.oxfordscholarship.com/view/10.1093/acprof:oso/9780199235926.001.0001/acprof-9780199235926?rskey=DaAS9E&result=43 |
| 856 | 4 | 1 | _uhttp://doi.org/10.1093/acprof:oso/9780199235926.001.0001 |
| 856 | 4 | 2 | _uhttp://www.loc.gov/catdir/enhancements/fy0912/2008035846-b.html |
| 856 | 4 | 2 | _uhttp://www.loc.gov/catdir/enhancements/fy0912/2008035846-d.html |
| 942 |
_2ddc _cOnline book |
||
| 999 |
_c4353 _d4353 |
||